Statistiken für Top 10 der bestbewertetsten Filme aller Zeiten

Klicken Sie hier um das Quiz zu spielen!

Allgemein

  • Dieses Quiz wurde 67 mal gespielt
  • Das Durchschnittsergebnis liegt bei 3 aus 10

Antwortstatistiken

HintAnswer (Rating)% Korrekt
1972Der Pate (9,2)
74%
1994Die Verurteilten (9,3)
48%
1974Der Pate 2 (9,0)
45%
1993Schindlers Liste (1993)
40%
2008
The Dark Knight (9,0)
38%
1994Pulp Fiction (8,9)
36%
1999Fight Club (8,8)
31%
2001Der Herr der Ringe: Die Gefährten (8,8)
14%
1957Die zwölf Geschworenen (9,0)
14%
2003Der Herr der Ringe: Die Rückkehr des Königs (9,0)
5%

Verteilung der Resultate

Perzentil nach korrekt beantworteten Fragen

Anzahl Personen mit jedem Resultat

Ihre Resultats-Entwicklung

Sie haben dieses Quiz noch nicht gespielt